| 000 -ლიდერი |
| ფიქსირებული სიგრძის საკონტროლო ველი |
01296nam a22002417a 4500 |
| 003 - საკონტროლო ნომრის იდენტიფიკატორი |
| საკონტროლო ველი |
Ge_BSU |
| 005 - ბოლო ოპერაციის თარიღი და დრო |
| საკონტროლო ველი |
20210713123433.0 |
| 008 - ფიქსირებული სიგრძის მონაცემთა ელემენტები - ზოგადი ინფორმაცია |
| ფიქსირებული სიგრძის საკონტროლო ველი |
200519s2020ge xxu||||| |||| 00| 0 geo d |
| 020 ## - წიგნის საერთაშორისო სტანდარტული ნომერი |
| International Standard Book Number |
9789941821851 |
| 041 ## - ენის კოდი |
| Language code of text/sound track or separate title |
geo |
| 080 ## - უნივერსალური ათობითი კლასიფიკაციის ინდექსი |
| Universal Decimal Classification number |
342.9(479.22)+352 ტ-92 |
| 100 ## - მთავარი ჩანაწერი - პიროვნების სახელი |
| Personal name |
ტურავა, პაატა |
| 9 (RLIN) |
8084 |
| 245 ## - ცნობა სათაურის შესახებ |
| Title |
ადმინისტრაციული წარმოება საჯარო სამსახურში / |
| Statement of responsibility, etc |
პაატა ტურავა, ანა ფირცხალაიშვილი, ეკატერინე ქარდავა. |
| 264 ## - წარმოების, გამოცემის, დისტრიბუციის და სხვა ცნობები |
| გამოცემის, წარმოების, დისტრიბუციის... ადგილი |
თბილისი : |
| გამოცემის, წარმოების, დისტრიბუციის... სახელწოდება |
giz, |
| გამოცემის, წარმოების, დისტრიბუციის... თარიღი |
2020. |
| 300 ## - ფიზიკური აღწერა |
| Extent |
220 გვ. ; |
| Dimensions |
25 სმ. |
| 653 ## - INDEX TERM--UNCONTROLLED |
| Uncontrolled term |
ადმინისტრაციული წარმოება საჯარო სამსახურში |
| 653 ## - INDEX TERM--UNCONTROLLED |
| Uncontrolled term |
სამართალი |
| 653 ## - INDEX TERM--UNCONTROLLED |
| Uncontrolled term |
მმართველობი დონეები |
| 700 ## - ADDED ENTRY--PERSONAL NAME |
| Personal name |
ფირცხალაიშვილი, ანა |
| 9 (RLIN) |
8085 |
| Relator term |
ავტორი |
| 700 ## - ADDED ENTRY--PERSONAL NAME |
| Personal name |
ქარდავა, ეკატერინე |
| 9 (RLIN) |
8086 |
| Relator term |
ავტორი |
| 856 ## - ELECTRONIC LOCATION AND ACCESS |
| Uniform Resource Identifier |
http://lawlibrary.info/ge/books/2020giz-ge-administraciuli-warmoeba.pdf |
| Link text |
ელექტრონული ვერსია |
| 942 ## - ADDED ENTRY ELEMENTS (KOHA) |
| Source of classification or shelving scheme |
|
| Koha item type |
წიგნი |